Les pays les plus importants qui ne reconnaissent pas le Kosovo - Statistiques

Statistiques générales
  • Ce quiz a été pris 365 fois
  • Le résultat moyen est 4 sur 8
Statistiques - réponses
Pays % Correct
Russie
96%
Chine
88%
Inde
63%
Brèsil
60%
Argentine
43%
Iran
41%
Afrique du Sud
33%
Nigeria
12%
Aucun quiz correspondant
Distribution des résultats
% des personnes avec chaque résultat
Percentile par nombre de réponses
Votre historique - résultats
Vous n’avez pas pris ce quiz